[Event "FRA-chT U20"]
[Site "Pau"]
[Date "2000.??.??"]
[Round "4"]
[White "Brunner, Nicolas"]
[Black "Flament, Francois"]
[Result "1/2-1/2"]
[WhiteElo "2108"]
[BlackElo "2025"]
[PlyCount "139"]
[EventDate "2000.??.??"]
[EventType "team-swiss"]
[EventCountry "FRA"]
[SourceTitle "EXT 2016"]
[Source "ChessBase"]
[SourceDate "2015.10.08"]
[SourceVersion "1"]
[SourceVersionDate "2015.10.08"]
[SourceQuality "1"]

1. d4 Nf6 2. Nf3 e6 3. Nbd2 d5 4. e3 c5 5. c3 Bd6 6. Bd3 0-0 7. 0-0 Nc6 8. dxc5 Bxc5 9. e4 e5 10. exd5 Nxd5 11. Ne4 Be7 12. Bc4 Nc7 13. Qxd8 Rxd8 14. Bg5 Kf8 15. Rfe1 Be6 16. Bxe6 Nxe6 17. Rad1 Bxg5 18. Nfxg5 Nxg5 19. Nxg5 h6 20. Ne4 b6 21. Kf1 Ke7 22. Nd2 f6 23. Nc4 b5 24. Nd2 Rd7 25. Nb3 Rad8 26. Ke2 Rxd1 27. Rxd1 Rxd1 28. Kxd1 Kd6 29. f3 Kd5 30. Ke2 Nd8 31. Ke3 f5 32. Nd2 Ne6 33. b3 a6 34. c4+ Kc5 35. a3 b4 36. a4 Nd4 37. g4 g6 38. gxf5 gxf5 39. Kd3 h5 40. Ke3 Nc2+ 41. Kd3 Nd4 42. Ke3 h4 43. Kd3 Nc6 44. Ke3 Na5 45. Kd3 Kd6 46. Ke3 Nb7 47. Kd3 Nc5+ 48. Ke3 Ke6 49. Ke2 e4 50. Ke3 Ke5 51. f4+ Kd6 52. Kd4 Ne6+ 53. Ke3 h3 54. Nf1 Kc5 55. Ng3 Nd4 56. a5 Nc2+ 57. Kd2 Nd4 58. Ke3 Nxb3 59. Nxf5 Nxa5 60. Kxe4 Nxc4 61. Nd4 Nd6+ 62. Kd3 Kd5 63. f5 Ke5 64. Nc6+ Kxf5 65. Nxb4 a5 66. Nc6 Nb7 67. Nd4+ Kf4 68. Kc4 Ke3 69. Ne6 Kf2 70. Nf4 1/2-1/2

[Event "Bethune op 21st"]
[Site "Bethune"]
[Date "2000.??.??"]
[Round "4"]
[White "Jouglet, Fabian"]
[Black "Flament, Francois"]
[Result "0-1"]
[WhiteElo "1660"]
[BlackElo "2030"]
[PlyCount "42"]
[EventDate "2000.12.26"]
[EventType "swiss"]
[EventRounds "7"]
[EventCountry "FRA"]
[SourceTitle "EXT 2003"]
[Source "ChessBase"]
[SourceDate "2002.11.25"]
[SourceVersion "1"]
[SourceVersionDate "2002.11.25"]
[SourceQuality "1"]

1. e4 c5 2. Nf3 Nc6 3. d4 cxd4 4. Nxd4 Nf6 5. Nc3 e5 6. Ndb5 d6 7. f3 a6 8. Na3 b5 9. Nd5 Be7 10. Be3 Rb8 11. Qd2 Nxd5 12. Qxd5 Qc7 13. 0-0-0 Be6 14. Qd2 0-0 15. Kb1 Rfd8 16. c4 bxc4 17. Bxc4 d5 18. Bxd5 Bxa3 19. Rc1 Bxb2 20. Rxc6 Qxc6 21. Bxc6 Bc3+ 0-1

[Event "Bethune op 21st"]
[Site "Bethune"]
[Date "2000.??.??"]
[Round "2"]
[White "Luberti, Wim"]
[Black "Flament, Francois"]
[Result "1/2-1/2"]
[WhiteElo "2235"]
[BlackElo "2030"]
[PlyCount "80"]
[EventDate "2000.12.26"]
[EventType "swiss"]
[EventRounds "7"]
[EventCountry "FRA"]
[SourceTitle "EXT 2003"]
[Source "ChessBase"]
[SourceDate "2002.11.25"]
[SourceVersion "1"]
[SourceVersionDate "2002.11.25"]
[SourceQuality "1"]

1. e4 c5 2. Nf3 Nc6 3. d4 cxd4 4. Nxd4 Nf6 5. Nc3 e5 6. Nf3 Bb4 7. Bd3 d5 8. exd5 Nxd5 9. 0-0 Nxc3 10. bxc3 Be7 11. Qe2 0-0 12. Nxe5 Nxe5 13. Qxe5 Bf6 14. Qg3 Qa5 15. a3 Be6 16. Rb1 b6 17. Rb5 Qa4 18. Rb4 Qd7 19. Bg5 Bxg5 20. Qxg5 Qd8 21. Qg3 Rc8 22. Rd1 Qc7 23. Rh4 g6 24. c4 Qxg3 25. hxg3 Rc5 26. Rb1 Rfc8 27. Rb4 Ra5 28. Rb3 Rac5 29. Rc3 h5 30. f3 Kf8 31. Kf2 Ke7 32. Rd4 R8c7 33. Be2 b5 34. Ke3 a5 35. Kd2 bxc4 36. Ke3 Kf6 37. Rd8 Ke7 38. Rd4 Rc8 39. Kd2 R8c7 40. Kc1 Rc8 1/2-1/2